LEADER 01577nam a2200313 u 4500 001 000000107441 003 CaOOAMICUS 005 20071008162829.0 008 071008s2006 it u000 u ita u 040 $aPUL$bita$dLDB 245 03$aIl danno alla persona :$btrattato teorico-pratico /$ca cura di Giuseppe Cassano. 246 12$aStruttura 246 12$aIncidenza 260 $aPadova :$bCEDAM,$c2006. 300 $av.< 1-2> ;$c22 cm 500 $aSul front. : Con giurisprudenza per esteso e formulario su CD. 504 $aComprende riferimenti bibliografici. 505 1 $av. 1. La struttura. -- v. 2. L'incidenza. 650 4$aDanni alla persona.$0(OLS)http://pul/subject/20250 700 1 $aCassano, Giuseppe.$0(OLS)http://pul/name/35446 850 $aPUL 852 $aPUL$W1$xSL Diritto e Scienze Sociali 3$y79$m346. 45 CASGI 2.1$j122121$av. 1$qDDC 21$B121100$CPULBib$Z2$F121100 $H104956 $82 852 $aPUL$W1$xSL Diritto e Scienze Sociali 3$y79$m346. 45 CASGI 2.2,1$j122122$av. 2,1$qDDC 21$B121101$CPULBib$Z2$F121101 $H104957 $82 852 $aPUL$W1$xSL Diritto e Scienze Sociali 3$y79$m346. 45 CASGI 2.2,2$j122123$av. 2,2$qDDC 21$B121102$CPULBib$Z2$F121102 $H104958 $82 941 1 $a9 996 $6245$aIl danno alla persona :$btrattato teorico-pratico$9(OLS)http://pul/title/135311 996 $6246$aStruttura$9(OLS)http://pul/title/135312 996 $6246$aIncidenza$9(OLS)http://pul/title/16990 996 $6260$aPadova :$bCEDAM$9(OLS)http://pul/publisher/48126 LEADER 01293nam a2200265 i 4500 001 000000108936 003 CaOOAMICUS 005 20080109160011.0 008 080109s2007 it u000 u ita c 020 $z978-88-452-5842-8* 040 $aUSC$bita$dALB$dPUL$dLDB 245 00$aAllegoristi dell'età classica :$bZenone di Cizio... [et al.] : opere e frammenti /$ca cura di Ilaria Ramelli ; introduzione di Roberto Radice ; in appendice il Papiro di Derveni con testo greco a fronte. 260 $aMilano :$bBompiani,$c2007. 300 $axlviii 948 p. ;$c22 cm. 490 1 $aBompiani Il pensiero occidentale 700 1 $aRadice, Roberto.$0(OLS)http://pul/name/1240 700 1 $aRamelli, Ilaria.$0(OLS)http://pul/name/55739 830 0$aBompiani Il pensiero occidentale.$0(OLS)http://pul/title/99836 850 $aPUL 852 $aPUL$W1$xSL Filosofia 3$y81$m190 COLL 2.4$j124491$qDDC 21$B123143$CPULBib$Z2$F123143 $H106008 $82 941 1 $a9 983 3$aIl pensiero occidentale (Bompiani) 996 $6020$z978-88-452-5842-8*$9(OLS)http://pul/number/136643 996 $6245$aAllegoristi dell'età classica :$bZenone di Cizio... [et al.] : opere e frammenti$9(OLS)http://pul/title/137064 996 $6260$aMilano :$bBompiani$9(OLS)http://pul/publisher/48240